Prison policy and practice : selected papers from 35 years of the Prison Service Journal /

Saved in:
Bibliographic Details
Other Authors: Reynolds, Jack, 1929-, Smartt, Ursula.
Format: Book
Language:English
Published: [England] : Prison Service Journal, 1996.
Subjects:
Tags: Add Tag
No Tags, Be the first to tag this record!
LEADER 00893cam a2200277 a 4500
001 007764006-3
005 20020606104010.5
008 971219s1996 enk 000 0 eng d
010 |a gb 97057607  
015 |a GB97-57607 
020 |a 0952841304 :  |c £15.00 
035 0 |a ocm38331454 
035 0 |a ocm38331454  |z ocm37255177 
040 |a UKM  |c UKM  |d HLS 
082 0 4 |a 365.941  |2 21 
245 0 0 |a Prison policy and practice :  |b selected papers from 35 years of the Prison Service Journal /  |c editors, Jack Reynolds and Ursula Smartt. 
260 |a [England] :  |b Prison Service Journal,  |c 1996. 
300 |a x, 370 p. ;  |c 22 cm. 
650 0 |a Prisons  |z Great Britain. 
650 0 |a Prisoners  |z Great Britain. 
650 0 |a Prison administration  |z Great Britain. 
700 1 |a Reynolds, Jack,  |d 1929- 
700 1 |a Smartt, Ursula. 
730 0 |a Prison Service Journal. 
988 |a 20020608 
906 |0 OCLC